01215nam a2200301 a 4500001000400000003001000004005001700014008004100031020001800072040002500090080002800115090003500143100004800178245016200226250001100388260003800399300002400437504002500461650002200486650003200508650003100540650001500571700004000586942001200626952013100638952013100769999001300900616BR-CuiBMT20231110205737.0231110b2019 mgba 000 0 por d a9788545006428 aBR-CuiBMTcBR-CuiBMT 22007a35.077.1x-048.47 a35.077.1-048.47bC355cc2. ed.1 aCastro, Rodrigo Pironti Aguirre de,d1981-  aCompliance e gestão de riscos nas empresas estatais /cRodrigo Pironti Aguirre de Castro, Francine Silva Pacheco Gonçalves ; prefácio, Benjamin Zymler. a2. ed. aBelo Horizonte :bFórum,c2019. a169 p.:bil.c21 cm aInclui bibliografia. aDireito público aAdministração pública aAdministração de risco aCompliance aGonçalves, Francine Silva Pacheco 2udccLV 00102udc4070aBIBTCEMTbBIBTCEMTd2019-07-31l0o35.077.1-048.47 C355cpBIBTCEMT23110436r2023-11-10tEx. 1w2023-11-10yLV 00102udc4070aBIBTCEMTbBIBTCEMTd2023-11-22l0o35.077.1-048.47 C355cpBIBTCEMT23110827r2023-11-22tEx. 2w2023-11-22yLV c616d616